000 01075nam2a22002411 4500
001 rc\4280179
005 20250612035726.0
035 _a(NLR Aleph) 008493088
090 _a8061937
_c8061937
100 _a20130416d1960 |||y0rusy50 ca
101 1 _arus
_cyid
102 _aRU
105 _ac z |||||
200 0 _aТ. 1
_fПер. Б.Х. Черняка
210 _aМосква
_cГослитиздат
_d1960
215 _a423 с., 1 л. портр.
461 0 _1001rc\4280178
_12001#$aНа Днепре$eРоман$eВ 2 т.$eПер. с евр.$f[Послесл. Э. Казакевича]. Т. 1-2$vТ. 1
_1700#1$aБергельсон$bД.Р.$f1884-1952$gДавид Рафаилович
_98061934
_aБергельсон, Д.Р. (1884-1952)
_cМосква
_d1960
_f[Послесл. Э. Казакевича]. Т. 1-2
_nГослитиздат
_oРоман : В 2 т. : Пер. с евр.
_p2 т.
_tНа Днепре
_vТ. 1
702 1 _aЧерняк
_bБ.Х.
_4730
801 0 _aRU
_bNLR
_gpsbo
801 1 _aRU
_bELAR
_2rusmarc
852 _aNLR
_j60-3/2719
942 _cBOOK
980 _aNB